A compendium of research on information and accounting for managerial decision and control in Japan
Zapisane w:
| 1. autor: | |
|---|---|
| Format: | Książka |
| Język: | Undetermined |
| Wydane: |
New York
American Accounting Association
1982
|
| Hasła przedmiotowe: | |
| Etykiety: |
Dodaj etykietę
Nie ma etykietki, Dołącz pierwszą etykiete!
|
| Thư viện lưu trữ: | Trung tâm Học liệu Trường Đại học Cần Thơ |
|---|
| LEADER | 00537nam a2200169Ia 4500 | ||
|---|---|---|---|
| 001 | CTU_77727 | ||
| 008 | 210402s9999 xx 000 0 und d | ||
| 082 | |a 658.1511 | ||
| 082 | |b S253 | ||
| 100 | |a Seiichi, Sato | ||
| 245 | 2 | |a A compendium of research on information and accounting for managerial decision and control in Japan | |
| 245 | 0 | |c Seiichi Sato | |
| 260 | |a New York | ||
| 260 | |b American Accounting Association | ||
| 260 | |c 1982 | ||
| 650 | |a Managerial accounting | ||
| 980 | |a Trung tâm Học liệu Trường Đại học Cần Thơ | ||